000 00554nam a22001817a 4500
999 _c13504
_d13504
003 AR-CdUCM
008 190415b ||||| |||| 00| 0 spa d
040 _aMUNICIPALIDAD PROVINCIAL DEL CUSCO
_cBIBLIOTECA MUNICIPAL DEL CUSCO
082 _a866.41 /
_bB15 / 1938
100 _aBaeza Flores, Alberto
_915162
245 _aAnimo para siempre :
_bVitalidad para el ser /
260 _aChile :
_bLongina ;
_c1938.
300 _a63 páginas ;
_c25 cm.
505 _aPoesía.
650 _aPoesía.
_9139
942 _2ddc
_cFOLLETOS
945 _awfj
_d2019-04-15